The golden goblet / (Record no. 4715)

MARC details
000 -LEADER
fixed length control field 00756nam a22002537a 4500
001 - CONTROL NUMBER
control field 4715
003 - CONTROL NUMBER IDENTIFIER
control field FISKH
005 - DATE AND TIME OF LATEST TRANSACTION
control field 20240925095220.0
008 - FIXED-LENGTH DATA ELEMENTS--GENERAL INFORMATION
fixed length control field 240925b cb ||||| |||| 00| 0 eng d
020 ## - INTERNATIONAL STANDARD BOOK NUMBER
International Standard Book Number 0590445529
040 ## - CATALOGING SOURCE
Original cataloging agency FISKH
Language of cataloging eng
Transcribing agency FISKH
Modifying agency FISKH
050 ## - LIBRARY OF CONGRESS CALL NUMBER
Classification number PZ7.M1696
082 ## - DEWEY DECIMAL CLASSIFICATION NUMBER
Edition number 623.91
100 ## - MAIN ENTRY--PERSONAL NAME
Personal name Mcgraw, Jarvis Eloise
Dates associated with a name (1915–2000)
245 ## - TITLE STATEMENT
Title The golden goblet /
Statement of responsibility, etc. by Eloise Jarvis Mcgraw
250 ## - EDITION STATEMENT
Edition statement First printing in 1992
260 ## - PUBLICATION, DISTRIBUTION, ETC.
Place of publication, distribution, etc. New York :
Name of publisher, distributor, etc. Scholastic,
Date of publication, distribution, etc. 1992.
300 ## - PHYSICAL DESCRIPTION
Extent 248 pages :
Dimensions 20cm
520 ## - SUMMARY, ETC.
Summary, etc. A young Egyptian boy struggles to reveal a hideous crime and reshape his own destiny.
650 ## - SUBJECT ADDED ENTRY--TOPICAL TERM
Source of heading or term Fiction
Topical term or geographic name entry element Mystery
650 ## - SUBJECT ADDED ENTRY--TOPICAL TERM
Source of heading or term Juvenile fiction
Topical term or geographic name entry element Juvenile fiction
942 ## - ADDED ENTRY ELEMENTS (KOHA)
Source of classification or shelving scheme Dewey Decimal Classification
Koha item type Books
Suppress in OPAC No
Holdings
Withdrawn status Lost status Source of classification or shelving scheme Damaged status Not for loan Collection Home library Current library Shelving location Date acquired Total Checkouts Full call number Barcode Date last seen Copy number Price effective from Koha item type
    Dewey Decimal Classification     Juvenile Fiction Footprints International School Library Network Toul Kork Campus Footprints International School Library Network Toul Kork Campus TTP Secondary Fiction Bookshelves 09/25/2024   MCG 623.91 PZ7.M1696 2024-2073 09/25/2024 1 09/25/2024 Books